000 00304 a2200145 4500
001 48608
040 _cAnchieta - Bela Vista
100 _aFlora, Ana
240 1 0 _aA bela ou a fera
_lpor
245 1 0 _aA bela ou a fera
300 _a100
362 0 _a2016
650 4 _aLiteratura juvenil
942 _cBK
999 _c48608
_d48608